000 00774cam a22002417a 4500
999 _c329597
_d329597
001 15778326
003 NUST
005 20170613111125.0
008 090617s2009 pk 000 1 urd
010 _a 2009362287
020 _a9789695730621
040 _aDLC
_cDLC
042 _alcode
050 0 0 _aMLCSA 2009/01166 (P)
082 _a891.4393
_bABD
100 1 _aʻAbdullāh, Nighat.
_9754
245 1 0 _aKahān̲ ruke hain̲ maḥabbat ke qāfile /
_cNighat ʻAbdullāh.
260 _aLāhore :
_bJahāngīr Buks :
_bTaqsīm kunandah, Sailz Ḍipū,
_c2009
300 _a256 p. ;
_c22 cm.
500 _aNovel.
546 _aIn Urdu.
880 _aکہاں رکے ہیں محبت کے قافلے
_6245-02\(3\r
_cنگہت عبداللہ
880 _aنگہت عبداللہ
_6100-01\(3\r
880 _aلاہور:
_6260-03\(3\r
_bخزینہ علم و ادب،
_c2009
906 _a7
_bcbc
_corigode
_d4
_encip
_f20
_gy-gencatlg
942 _2ddc
_cBK